000 00249nam a22001097a 4500
008 170126b xxu||||| |||| 00| 0 eng d
020 _a9780073374888
041 _aeng
080 _a61
245 _aMEDICAL CODING WORKBOOK
_cNEWBY, C
942 _2udc
_cBK
999 _c3722
_d3722